[Event "22nd European Teams"]
[Site "Batumi GEO"]
[Date "2019.10.30"]
[Round "6.8"]
[Board "3"]
[White "Georgiadis, Nico"]
[Black "Notkevich, Benjamin Arvola"]
[Result "1-0"]
[WhiteTitle "GM"]
[BlackTitle "GM"]
[WhiteElo "2528"]
[BlackElo "2494"]
[WhiteTeam "Switzerland"]
[BlackTeam "Norway"]
[WhiteFideId "1300113"]
[BlackFideId "1506536"]
[EventDate "2019.10.24"]

1. e4 c5 2. Nf3 d6 3. d4 cxd4 4. Nxd4 Nf6 5. Nc3 a6 6. Be3 Ng4 7. Bc1 Nf6 8. h3
g6 9. g4 Bg7 10. Bg2 O-O 11. O-O Nc6 12. Be3 Bd7 13. Nd5 Rc8 14. c3 Ne5 15. Re1
Nc4 16. Bc1 e5 17. Nxf6+ Bxf6 18. Ne2 Be6 19. b3 Na5 20. Be3 Bg5 21. Qd2 Bxe3
22. Qxe3 b5 23. Rad1 Qc7 24. Rd2 Nb7 25. Red1 a5 26. f4 Qc5 27. Qxc5 Rxc5 28. f5
Bd7 29. Kf2 f6 30. Ke3 Kf7 31. b4 Rc4 32. a3 Ra8 33. Rd3 Ke7 34. Ng3 axb4 35.
axb4 Nd8 36. Ne2 Nf7 37. h4 Bc6 38. Bf3 Ra3 39. Rc1 Bb7 40. Ng3 g5 41. h5 Ra2
42. Rd2 Ra3 43. Rd3 Kd7 44. Nf1 d5 45. exd5 e4 46. Bxe4 Ne5 47. Nd2 Rc8 48. Bf3
Nxd3 49. Kxd3 Kc7 50. d6+ Kb6 51. Bxb7 Kxb7 52. Ne4 Kc6 53. Kd4 Rf8 54. c4 Rb3
55. cxb5+ Kxb5 56. Rc7 h6 57. d7 Rd8 58. Nxf6 Rb1 59. Kd5 Re1 60. Rc8 1-0

[Event "22nd European Teams"]
[Site "Batumi GEO"]
[Date "2019.10.30"]
[Round "6.8"]
[Board "4"]
[White "Haldorsen, Benjamin"]
[Black "Kurmann, Oliver"]
[Result "1/2-1/2"]
[WhiteTitle "IM"]
[BlackTitle "IM"]
[WhiteElo "2440"]
[BlackElo "2420"]
[WhiteTeam "Norway"]
[BlackTeam "Switzerland"]
[WhiteFideId "1512633"]
[BlackFideId "1308173"]
[EventDate "2019.10.24"]

1. e4 e5 2. Nf3 Nc6 3. Bb5 a6 4. Ba4 Nf6 5. O-O b5 6. Bb3 Bc5 7. c3 d6 8. d4 Bb6
9. Be3 O-O 10. Nbd2 h6 11. h3 Re8 12. Bc2 Rb8 13. Re1 exd4 14. cxd4 Bb7 15. Rc1
Nb4 16. Bb1 Nxe4 17. Nxe4 Bxe4 18. Bxe4 Rxe4 19. Qb3 c5 20. dxc5 dxc5 21. Red1
Qe7 22. a3 Nc6 23. Qd5 Nd4 24. Bxd4 cxd4 25. Rd3 Rd8 26. Qb3 Qe6 27. Qxe6 Rxe6
28. Kf1 g6 29. a4 Rd5 30. Rc8+ Kg7 31. axb5 Rxb5 32. Rc2 Rb4 33. g3 Kh7 34. Ra3
Bd8 35. Ne1 Be7 36. Ra1 Kg7 37. Nd3 Rb3 38. Rd1 Rb5 39. Rc4 Bf6 40. Re1 Rxe1+
41. Kxe1 Rb6 42. h4 h5 1/2-1/2

[Event "22nd European Teams"]
[Site "Batumi GEO"]
[Date "2019.10.30"]
[Round "6.9"]
[Board "4"]
[White "Perez Candelario, Manuel"]
[Black "Dragun, Kamil"]
[Result "0-1"]
[WhiteTitle "GM"]
[BlackTitle "GM"]
[WhiteElo "2621"]
[BlackElo "2584"]
[WhiteTeam "Spain"]
[BlackTeam "Poland"]
[WhiteFideId "2210622"]
[BlackFideId "1134167"]
[EventDate "2019.10.24"]

1. e4 c5 2. Nf3 e6 3. d4 cxd4 4. Nxd4 Nc6 5. Nc3 Qc7 6. g3 a6 7. Bg2 Nf6 8. O-O
Nxd4 9. Qxd4 Bc5 10. Bf4 d6 11. Qd2 h6 12. Rad1 e5 13. Be3 Be6 14. Bxc5 dxc5 15.
Nd5 Bxd5 16. exd5 Qd6 17. a4 O-O 18. a5 c4 19. Rfe1 Rfe8 20. Qe3 Rad8 21. b3 Rc8
22. bxc4 Rxc4 23. Qb3 Rc7 24. c4 Ree7 25. Rb1 Rc5 26. Qb6 Ne8 27. Bf1 g6 28. Re3
Kg7 29. Qb2 Rxa5 30. Rbe1 Qf6 31. Rxe5 Nd6 32. f4 Rc5 33. Qb6 Rec7 34. Rc1 a5
35. Rb1 a4 36. Rb4 Nxc4 37. Qxf6+ Kxf6 38. Rxc4 Rxc4 39. d6 R7c6 40. Bxc4 Rxc4
41. d7 Rd4 42. Re4 Rd1+ 43. Kf2 b5 44. Rb4 Rxd7 45. Rxb5 Ra7 46. Rb6+ Ke7 47.
Ke3 a3 48. Rb1 a2 49. Ra1 h5 50. Kd4 Ke6 0-1

[Event "22nd European Teams"]
[Site "Batumi GEO"]
[Date "2019.10.30"]
[Round "6.10"]
[Board "1"]
[White "Gledura, Benjamin"]
[Black "Kovalev, Vladislav"]
[Result "0-1"]
[WhiteTitle "GM"]
[BlackTitle "GM"]
[WhiteElo "2654"]
[BlackElo "2661"]
[WhiteTeam "Hungary"]
[BlackTeam "Belarus"]
[WhiteFideId "712779"]
[BlackFideId "13504398"]
[EventDate "2019.10.24"]

1. d4 Nf6 2. Nf3 e6 3. c4 d5 4. g3 Be7 5. Bg2 O-O 6. O-O dxc4 7. Qc2 a6 8. a4
Bd7 9. Qxc4 Bc6 10. Bg5 Bd5 11. Qc2 Be4 12. Qc1 h6 13. Bxf6 Bxf6 14. Nc3 Bxf3
15. Bxf3 c6 16. Rd1 a5 17. Qf4 Qe7 18. h4 Nd7 19. h5 Rfd8 20. Qe4 Qb4 21. e3
Qxb2 22. Rdc1 Qb6 23. Rab1 Qc7 24. Rb3 Ra6 25. Qf4 e5 26. Qg4 exd4 27. exd4 Bg5
28. Rcb1 Rb6 29. Rxb6 Nxb6 30. Qf5 Nd7 31. Ne4 Be7 32. Bd1 Nf8 33. Bb3 Bb4 34.
Rd1 Qd7 35. Qf3 Qe7 36. d5 cxd5 37. Bxd5 Ne6 38. Kg2 b6 39. Qf5 Re8 40. Bc6 Rd8
41. Bd5 Kh8 42. Rd3 Rd7 43. g4 Qd8 44. Kf1 Qc7 45. Bxe6 Rxd3 46. Bxf7 Rd8 47. g5
Qd7 48. Be6 Qd1+ 49. Kg2 Qxh5 50. Qe5 Rf8 51. Bf5 Qe8 52. Qd5 Qf7 53. Be6 Qf3+
54. Kf1 Qh1+ 55. Ke2 Qf3+ 56. Kf1 Qh1+ 57. Ke2 Qe1+ 0-1

[Event "22nd European Teams"]
[Site "Batumi GEO"]
[Date "2019.10.30"]
[Round "6.10"]
[Board "2"]
[White "Stupak, Kirill"]
[Black "Erdos, Viktor"]
[Result "1/2-1/2"]
[WhiteTitle "GM"]
[BlackTitle "GM"]
[WhiteElo "2551"]
[BlackElo "2604"]
[WhiteTeam "Belarus"]
[BlackTeam "Hungary"]
[WhiteFideId "13503758"]
[BlackFideId "719978"]
[EventDate "2019.10.24"]

1. d4 d5 2. c4 c6 3. cxd5 cxd5 4. Bf4 Nf6 5. e3 Nc6 6. Nc3 Bf5 7. Rc1 Rc8 8. Nf3
e6 9. Qb3 Bb4 10. Bb5 Bxc3+ 11. bxc3 O-O 12. O-O Ne4 13. Bxc6 bxc6 14. h3 f6 15.
c4 g5 16. Bh2 Rf7 17. cxd5 cxd5 18. Qb2 Rxc1 19. Rxc1 Qb6 20. Qxb6 axb6 21. g4
Bg6 22. a4 Ra7 23. Rc8+ Kg7 24. Rc7+ Rxc7 25. Bxc7 Be8 26. Bxb6 Bxa4 27. Ba5 h5
28. gxh5 Bd1 29. Nd2 Nxd2 30. Bxd2 Bxh5 31. Kg2 Bd1 1/2-1/2

[Event "22nd European Teams"]
[Site "Batumi GEO"]
[Date "2019.10.30"]
[Round "6.10"]
[Board "3"]
[White "Berkes, Ferenc"]
[Black "Nikitenko, Mihail"]
[Result "1-0"]
[WhiteTitle "GM"]
[BlackTitle "IM"]
[WhiteElo "2667"]
[BlackElo "2423"]
[WhiteTeam "Hungary"]
[BlackTeam "Belarus"]
[WhiteFideId "718572"]
[BlackFideId "13506862"]
[EventDate "2019.10.24"]

1. Nf3 Nf6 2. g3 d5 3. Bg2 Bf5 4. O-O e6 5. d3 h6 6. c4 dxc4 7. Ne5 c6 8. Nxc4
Nbd7 9. Nc3 Be7 10. d4 O-O 11. e4 Bh7 12. Bf4 b5 13. Nd2 Nb6 14. Be3 Rc8 15. a3
a5 16. Qe2 Qc7 17. Rfc1 Qb8 18. e5 Nfd5 19. Nxd5 Nxd5 20. Nb3 Qb6 21. Nc5 Rfd8
22. h4 b4 23. axb4 Nxb4 24. Ra3 Nd5 25. Rb3 Nb4 26. Qf3 Bxc5 27. Rxc5 a4 28. Ra3
Nc2 29. Rxa4 Qxb2 30. Ra7 Bf5 31. Rxc2 Qxc2 32. g4 Qb1+ 33. Kh2 Qb8 34. Rxf7
Kxf7 35. gxf5 exf5 36. Qxf5+ Kg8 37. Be4 Rc7 38. Qh7+ Kf8 39. d5 cxd5 40. Bxd5
Rxd5 41. Qh8+ Kf7 42. Qxb8 Re7 43. f4 g5 44. Qb3 Ke6 45. Qb6+ 1-0

[Event "22nd European Teams"]
[Site "Batumi GEO"]
[Date "2019.10.30"]
[Round "6.10"]
[Board "4"]
[White "Zarubitski, Viachaslau"]
[Black "Prohaszka, Peter2"]
[Result "1/2-1/2"]
[WhiteTitle "IM"]
[BlackTitle "GM"]
[WhiteElo "2435"]
[BlackElo "2610"]
[WhiteTeam "Belarus"]
[BlackTeam "Hungary"]
[WhiteFideId "13509373"]
[BlackFideId "726265"]
[EventDate "2019.10.24"]

1. e4 c6 2. d4 d5 3. Nd2 dxe4 4. Nxe4 Bf5 5. Ng3 Bg6 6. Nh3 Nf6 7. Bc4 e6 8. Nf4
Bd6 9. O-O Nd5 10. Qg4 Nd7 11. Nxg6 hxg6 12. Bg5 Be7 13. h4 N7f6 14. Qe2 Nb6 15.
Rad1 Nh7 16. Bxe7 Qxe7 17. h5 Nxc4 18. Qxc4 gxh5 19. Nf5 Qc7 20. d5 Qe5 21. dxc6
Qxf5 22. cxb7 Rb8 23. Qc6+ Ke7 24. Rd3 Ng5 25. Rfd1 Kf6 26. f4 Ne4 27. Re3 Nc5
28. Re5 Qxc2 29. Rde1 Qxb2 30. Rxc5 Qxb7 31. Qd6 Rhc8 32. Qd4+ Ke7 33. Rxe6+ Kf8
34. Qd6+ Kg8 35. Rxh5 Rc1+ 36. Kh2 Qb1 37. Ree5 Rbc8 38. Qd7 Rf8 39. Re8 Rh1+
40. Kg3 Rxh5 41. Rxf8+ Kh7 42. Qxf7 Qd3+ 43. Kg4 1/2-1/2

[Event "22nd European Teams"]
[Site "Batumi GEO"]
[Date "2019.10.30"]
[Round "6.11"]
[Board "1"]
[White "Dardha, Daniel"]
[Black "Lagarde, Maxime"]
[Result "1/2-1/2"]
[WhiteTitle "FM"]
[BlackTitle "GM"]
[WhiteElo "2433"]
[BlackElo "2657"]
[WhiteTeam "Belgium"]
[BlackTeam "France"]
[WhiteFideId "240990"]
[BlackFideId "662399"]
[EventDate "2019.10.24"]

1. f4 d5 2. Nf3 Bg4 3. Ne5 h5 4. d3 Nd7 5. Nxg4 hxg4 6. e4 dxe4 7. dxe4 g3 8. h3
e5 9. Qf3 Qh4 10. Nc3 Bc5 11. Bb5 c6 12. Bc4 Ngf6 13. Bd2 Bf2+ 14. Kf1 O-O-O 15.
Rd1 Nc5 16. Bxf7 Ng4 17. hxg4 Qxh1+ 18. Ke2 Rxd2+ 19. Kxd2 Rd8+ 20. Kc1 Rxd1+
21. Nxd1 exf4 22. Qxf4 Qxg2 23. Bg6 Be1 24. Bf5+ Nd7 25. Bxd7+ Kxd7 26. Qf7+ Kd6
27. Qf4+ Ke6 28. Qf5+ Ke7 29. Qe5+ Kf7 30. Qf5+ Kg8 31. Qc8+ Kh7 32. Qf5+ g6 33.
Qf7+ Kh6 34. Qf4+ Kg7 35. Qc7+ Kh6 36. Qf4+ Kg7 37. Qc7+ Kh6 38. Qf4+ 1/2-1/2

[Event "22nd European Teams"]
[Site "Batumi GEO"]
[Date "2019.10.30"]
[Round "6.11"]
[Board "2"]
[White "Edouard, Romain"]
[Black "Beukema, Stefan"]
[Result "1-0"]
[WhiteTitle "GM"]
[BlackTitle "IM"]
[WhiteElo "2641"]
[BlackElo "2380"]
[WhiteTeam "France"]
[BlackTeam "Belgium"]
[WhiteFideId "633429"]
[BlackFideId "1024523"]
[EventDate "2019.10.24"]

1. d4 f5 2. Nf3 d6 3. Nc3 Nf6 4. Bg5 e6 5. e4 fxe4 6. Nxe4 Be7 7. Nxf6+ Bxf6 8.
h4 Nc6 9. Qd2 h6 10. Be3 Bd7 11. Bd3 Ne7 12. O-O-O Bc6 13. Qe2 O-O 14. Bd2 Bd5
15. g4 Nc6 16. c3 Be7 17. Rh3 Qe8 18. Rg1 Qf7 19. Rgg3 e5 20. g5 h5 21. g6 Qf6
22. Ng5 1-0

[Event "22nd European Teams"]
[Site "Batumi GEO"]
[Date "2019.10.30"]
[Round "6.11"]
[Board "3"]
[White "Lenaerts, Lennert"]
[Black "Bauer, Christian"]
[Result "0-1"]
[WhiteTitle "FM"]
[BlackTitle "GM"]
[WhiteElo "2333"]
[BlackElo "2606"]
[WhiteTeam "Belgium"]
[BlackTeam "France"]
[WhiteFideId "211435"]
[BlackFideId "603767"]
[EventDate "2019.10.24"]

1. d4 e6 2. c4 Bb4+ 3. Bd2 a5 4. g3 d5 5. Qc2 Nf6 6. Nf3 O-O 7. Bg2 c6 8. O-O
Be7 9. Ne5 Nbd7 10. Nxd7 Bxd7 11. cxd5 cxd5 12. a4 Qb6 13. e3 Ne4 14. Nc3 Nxd2
15. Qxd2 Rfc8 16. Rfc1 Qb3 17. Bf3 g6 18. Bd1 Qb4 19. Rc2 Qb6 20. Rac1 Bb4 21.
Qe2 Re8 22. Nb5 Bc6 23. b3 Rad8 24. Qf1 Bf8 25. Bf3 Bh6 26. Rd1 Re7 27. Bg2 Bg7
28. Qd3 Ree8 29. h4 e5 30. dxe5 Bxe5 31. Nd4 Bd7 32. Rcc1 Bg4 33. Re1 h5 34. Qb5
Bxd4 35. exd4 Rxe1+ 36. Rxe1 Qxd4 37. Qxa5 b6 38. Qa7 Qb4 39. Re7 Be6 40. Rb7 d4
41. Rxb6 Qe1+ 42. Kh2 d3 43. Rb8 Rxb8 44. Qxb8+ Kh7 0-1

[Event "22nd European Teams"]
[Site "Batumi GEO"]
[Date "2019.10.30"]
[Round "6.11"]
[Board "4"]
[White "Gharamian, Tigran"]
[Black "Dardha, Arben"]
[Result "1/2-1/2"]
[WhiteTitle "GM"]
[BlackTitle "FM"]
[WhiteElo "2590"]
[BlackElo "2286"]
[WhiteTeam "France"]
[BlackTeam "Belgium"]
[WhiteFideId "13301527"]
[BlackFideId "4700481"]
[EventDate "2019.10.24"]

1. e4 c5 2. Nf3 Nc6 3. Bb5 g6 4. O-O Bg7 5. c3 Nf6 6. Re1 O-O 7. d4 d5 8. e5 Ne4
9. Bxc6 bxc6 10. Be3 cxd4 11. cxd4 f6 12. Nbd2 Nxd2 13. Qxd2 Bg4 14. exf6 exf6
15. Bh6 Bxh6 16. Qxh6 Bxf3 17. gxf3 Qd7 18. Kg2 Rfe8 19. Qf4 Kg7 20. Rac1 Rab8
21. b3 a6 22. Re3 g5 23. Qg4 Qxg4+ 24. fxg4 Rxe3 25. fxe3 Rb6 26. Rc5 Kf7 27.
Kf3 Ke6 28. e4 Kd6 29. Ra5 Ke6 30. Ke3 Kd6 31. Kd3 Ke6 32. Rc5 h6 33. exd5+ cxd5
34. Rc7 Rd6 35. Rh7 Rd8 36. h3 h5 37. Rxh5 Kf7 38. Rh7+ Kg6 39. Re7 Rh8 40. Re3
f5 41. Kc3 f4 42. Rd3 a5 43. b4 Rc8+ 44. Kb3 Rb8 45. a3 Kf6 46. Rc3 Ke6 47. Rc6+
Ke7 48. Rg6 axb4 49. Rxg5 bxa3+ 50. Kxa3 Rh8 51. Kb4 Ke6 52. Re5+ Kd6 53. Rf5
Rxh3 54. Rxf4 Rg3 55. Rf6+ Ke7 56. Rg6 Kf7 57. Rg5 Ke6 58. Rg6+ Kf7 59. Rd6 Rxg4
60. Kc5 Ke7 61. Rh6 Kd7 62. Rh7+ Kd8 63. Rh5 Rg6 64. Kxd5 Kd7 65. Rh7+ Kd8 66.
Kc5 Rf6 67. Rb7 Rh6 68. Rb6 Rxb6 69. Kxb6 Kd7 70. Kc5 Kc7 71. d5 Kd7 72. d6 Kd8
73. d7 Kxd7 1/2-1/2

[Event "22nd European Teams"]
[Site "Batumi GEO"]
[Date "2019.10.30"]
[Round "6.12"]
[Board "1"]
[White "Lupulescu, Constantin"]
[Black "Ragger, Markus"]
[Result "1/2-1/2"]
[WhiteTitle "GM"]
[BlackTitle "GM"]
[WhiteElo "2643"]
[BlackElo "2684"]
[WhiteTeam "Romania"]
[BlackTeam "Austria"]
[WhiteFideId "1207822"]
[BlackFideId "1610856"]
[EventDate "2019.10.24"]

1. d4 Nf6 2. Nf3 g6 3. Bf4 Bg7 4. c3 O-O 5. Nbd2 d6 6. e4 Nbd7 7. Be2 b6 8. O-O
Bb7 9. Qc2 e5 10. dxe5 dxe5 11. Be3 Ng4 12. Bg5 Bf6 13. Bxf6 Ngxf6 14. Ne1 Qe7
15. f3 a5 16. Rf2 Rfd8 17. Nd3 Nc5 18. Nxc5 Qxc5 19. Nb3 Qe7 20. Rd1 Rxd1+ 21.
Bxd1 Bc8 22. Rd2 Be6 23. Be2 Rd8 24. Rxd8+ Qxd8 25. Nc1 Qd6 26. Qd1 Qc5+ 27. Kf1
Qe3 28. a3 Qh6 29. Kg1 Qe3+ 30. Kf1 Qh6 31. Kg1 Qe3+ 1/2-1/2

[Event "22nd European Teams"]
[Site "Batumi GEO"]
[Date "2019.10.30"]
[Round "6.12"]
[Board "2"]
[White "Dragnev, Valentin"]
[Black "Parligras, Mircea-Emilian"]
[Result "1/2-1/2"]
[WhiteTitle "GM"]
[BlackTitle "GM"]
[WhiteElo "2550"]
[BlackElo "2629"]
[WhiteTeam "Austria"]
[BlackTeam "Romania"]
[WhiteFideId "1634852"]
[BlackFideId "1204297"]
[EventDate "2019.10.24"]

1. d4 Nf6 2. c4 e6 3. Nf3 d5 4. g3 Bb4+ 5. Bd2 Bd6 6. Bg2 c6 7. O-O Nbd7 8. b3
Ne4 9. Qc1 Nxd2 10. Nbxd2 f5 11. Ne1 O-O 12. Nd3 Qe7 13. c5 Bc7 14. Nf3 Nf6 15.
b4 Bd7 16. a4 a5 17. bxa5 Rxa5 18. Qb2 Ra7 19. Ra3 Rfa8 20. Rfa1 Ne4 21. e3 g5
22. Nfe5 g4 23. Nxd7 Qxd7 24. Rb3 Qc8 25. h3 h5 26. hxg4 hxg4 27. Bxe4 dxe4 28.
Nf4 Bxf4 29. gxf4 Kf7 30. Kg2 Kg6 31. Rh1 Qd7 32. Rb6 Qg7 33. Qb3 Qd7 34. Kg3
Rf8 35. Qa2 Raa8 36. Rbb1 Rh8 37. Qb3 Qe7 38. Kg2 Rxh1 39. Rxh1 Rg8 40. a5 Rg7
41. Qb6 Rh7 42. Rxh7 Qxh7 43. Qd8 Qh3+ 44. Kg1 Qf3 45. Qe8+ Kf6 46. Qh8+ Kg6 47.
Qg8+ Kf6 48. Qd8+ Kf7 49. Qd7+ Kf6 50. Qd8+ Kf7 1/2-1/2

[Event "22nd European Teams"]
[Site "Batumi GEO"]
[Date "2019.10.30"]
[Round "6.12"]
[Board "3"]
[White "Deac, Bogdan-Daniel"]
[Black "Blohberger, Felix"]
[Result "1-0"]
[WhiteTitle "GM"]
[BlackTitle "IM"]
[WhiteElo "2613"]
[BlackElo "2448"]
[WhiteTeam "Romania"]
[BlackTeam "Austria"]
[WhiteFideId "1226380"]
[BlackFideId "1632051"]
[EventDate "2019.10.24"]

1. Nf3 d5 2. d4 Nf6 3. c4 e6 4. Nc3 Bb4 5. cxd5 exd5 6. Bg5 h6 7. Bh4 O-O 8. e3
Bf5 9. Qb3 Bxc3+ 10. Qxc3 Qe7 11. Nd2 Qe6 12. f3 Nbd7 13. Be2 Rac8 14. b4 Ne8
15. O-O Nd6 16. Rfe1 Rfe8 17. Bf1 c6 18. a4 Bh7 19. Nb3 g5 20. Bg3 g4 21. e4
gxf3 22. gxf3 dxe4 23. Nc5 Nxc5 24. dxc5 Nf5 25. Rxe4 Qd7 26. Be5 Bg6 27. Rae1
Kh7 28. Bh3 Rg8 29. Kf2 Rce8 30. Rf4 Qe6 31. Ree4 a6 32. Qb2 Qd7 33. Bd6 Re6 34.
Re5 Nxd6 35. cxd6 f5 36. Bxf5 Bxf5 37. Rexf5 Rg7 38. Qc2 Qxd6 39. Rd5+ 1-0

[Event "22nd European Teams"]
[Site "Batumi GEO"]
[Date "2019.10.30"]
[Round "6.12"]
[Board "4"]
[White "Shengelia, David"]
[Black "Georgescu, Tiberiu-Marian"]
[Result "1-0"]
[WhiteTitle "GM"]
[BlackTitle "GM"]
[WhiteElo "2531"]
[BlackElo "2508"]
[WhiteTeam "Austria"]
[BlackTeam "Romania"]
[WhiteFideId "13601270"]
[BlackFideId "1213300"]
[EventDate "2019.10.24"]

1. d4 Nf6 2. c4 e6 3. Nc3 Bb4 4. e3 O-O 5. Ne2 c6 6. a3 Ba5 7. Ng3 d5 8. Bd3
Nbd7 9. O-O dxc4 10. Bxc4 e5 11. Ba2 Bc7 12. Re1 Nb6 13. dxe5 Bxe5 14. Qc2 Ng4
15. Nce4 Qh4 16. h3 Nf6 17. Nxf6+ Qxf6 18. f4 Bc7 19. Bb1 Qh4 20. Kh2 Nd5 21.
Bd2 g6 22. Ba2 Nf6 23. Ne4 Nh5 24. Bc3 Bf5 25. Qf2 Bd8 26. Qxh4 Bxh4 27. g3 Bxe4
28. gxh4 Rfd8 29. Rad1 Kf8 30. Be5 Ke7 31. Bc7 Rxd1 32. Rxd1 Nf6 33. Bd6+ Ke8
34. Be5 Nd5 35. h5 gxh5 36. Rg1 Ke7 37. Bd4 b6 38. Rg5 f6 39. Rg7+ Ke6 40. Kg3
c5 41. Bc3 Kf5 42. Bxd5 Bxd5 43. Rxh7 Kg6 44. Rd7 h4+ 45. Kf2 Be6 46. Re7 Bxh3
47. e4 f5 48. e5 Bg4 49. e6 Bd1 50. Rg7+ Kh6 51. Rf7 Re8 52. e7 Bb3 53. Rg7 Bd5
54. Bf6 b5 55. Rg5 h3 56. Kg3 Bc6 57. Bg7+ Kh7 58. Bf8 Bd7 59. Rg7+ Kh8 60. Rg6
b4 61. Rd6 Bb5 62. axb4 cxb4 63. Rd5 a6 64. Rxf5 Kg8 65. Rf6 Rb8 66. Bh6 Re8 67.
Rf8+ Kh7 68. Bg5 Kg7 69. f5 Rxf8 70. Bh6+ Kf7 71. exf8=Q# 1-0

[Event "22nd European Teams"]
[Site "Batumi GEO"]
[Date "2019.10.30"]
[Round "6.13"]
[Board "1"]
[White "Tutisani, Noe"]
[Black "Grandelius, Nils"]
[Result "0-1"]
[WhiteTitle "IM"]
[BlackTitle "GM"]
[WhiteElo "2412"]
[BlackElo "2691"]
[WhiteTeam "Georgia 2"]
[BlackTeam "Sweden"]
[WhiteFideId "13602853"]
[BlackFideId "1710400"]
[EventDate "2019.10.24"]

1. e4 e5 2. Nf3 Nc6 3. Bb5 a6 4. Ba4 Nf6 5. O-O Be7 6. Re1 b5 7. Bb3 d6 8. c3
O-O 9. h3 Na5 10. Bc2 c5 11. d4 Qc7 12. Nbd2 Bd7 13. Nf1 cxd4 14. cxd4 Rfe8 15.
Ne3 Bf8 16. Bd2 exd4 17. Nxd4 Nc6 18. Ndf5 g6 19. Bc3 Ne5 20. Ng3 Bc6 21. Bb3
Qb7 22. f4 Ned7 23. Ng4 Nxe4 24. Rxe4 Rxe4 25. Nxe4 Bxe4 26. Qd4 Qa7 27. Qxa7
Rxa7 28. Re1 d5 29. Bd4 Rc7 30. Ne3 Bc5 31. Rd1 Nb6 32. Kf2 Nc4 33. Bxc4 bxc4
34. Bxc5 Rxc5 35. Rd2 Bd3 36. Nc2 Bxc2 37. Rxc2 d4 38. Kf3 f5 39. b3 c3 40. Ke2
Rd5 41. Kd3 Kf7 42. b4 Rd6 43. g3 Ke7 44. Rc1 Kd7 45. a4 Kc6 46. Re1 Kb6 47. Re5
Kc6 48. Rc5+ Kb7 49. Re5 Kc7 50. Re7+ Kd8 51. Re5 Kd7 52. h4 h5 53. b5 axb5 54.
Rxb5 Kc6 55. Rb3 Rd5 56. Rb1 Kd6 57. Rb4 Kc7 58. Rb1 Kc6 59. Re1 Kb6 60. Re6+
Kc7 61. Re1 Kd6 62. Rb1 Kc6 63. Re1 Kc7 64. Rb1 Kd7 65. Rb4 Kc8 66. Rb3 Rd7 67.
Rb4 Rc7 68. Rb1 Rb7 69. Re1 Rb4 70. a5 Kb7 71. Re6 Rb1 72. a6+ Ka7 73. Rc6 Rd1+
74. Kc2 Rd2+ 75. Kc1 Rg2 76. Rd6 Rxg3 77. Rxd4 Kxa6 78. Kc2 Kb5 0-1

[Event "22nd European Teams"]
[Site "Batumi GEO"]
[Date "2019.10.30"]
[Round "6.13"]
[Board "2"]
[White "Westerberg, Jonathan"]
[Black "Petriashvili, Nikoloz"]
[Result "1-0"]
[WhiteTitle "IM"]
[BlackTitle "IM"]
[WhiteElo "2546"]
[BlackElo "2441"]
[WhiteTeam "Sweden"]
[BlackTeam "Georgia 2"]
[WhiteFideId "1701754"]
[BlackFideId "13611216"]
[EventDate "2019.10.24"]

1. d4 Nf6 2. Nf3 g6 3. g3 Bg7 4. Bg2 O-O 5. O-O d5 6. c4 c6 7. cxd5 cxd5 8. Ne5
Ng4 9. Nxg4 Bxg4 10. Nc3 Nc6 11. h3 Be6 12. e3 Qd7 13. Kh2 Rac8 14. Bd2 f5 15.
f4 h5 16. Rc1 Rfd8 17. Bf3 Bf6 18. Qe2 Kg7 19. h4 b6 20. Qb5 Bf7 21. Be2 Qb7 22.
Qa6 Qd7 23. Qa4 Be8 24. Ba6 Ra8 25. b4 e6 26. Qb3 Be7 27. Ne2 Nb8 28. Bd3 b5 29.
Ng1 Qb7 30. Nf3 Nd7 31. Ng5 Bxg5 32. hxg5 Nb6 33. Rc5 Nc4 34. Qc3 Rac8 35. Bc1
Nb6 36. Bc2 Nd7 37. Rd1 Nb6 38. Bb3 Kf8 39. Bb2 Nc4 40. Bxc4 bxc4 41. Ra5 a6 42.
a4 Ra8 43. Ba3 Kg7 44. Rb1 Rdb8 45. b5 axb5 46. axb5 Rxa5 47. Qxa5 Ra8 48. Qb4
Bxb5 49. Qc5 Rxa3 50. Qxa3 Qa6 51. Qxa6 Bxa6 52. Rb6 Bc8 53. Rc6 1-0

[Event "22nd European Teams"]
[Site "Batumi GEO"]
[Date "2019.10.30"]
[Round "6.13"]
[Board "3"]
[White "Kacharava, Nikolozi"]
[Black "Blomqvist, Erik"]
[Result "0-1"]
[WhiteTitle "FM"]
[BlackTitle "GM"]
[WhiteElo "2428"]
[BlackElo "2523"]
[WhiteTeam "Georgia 2"]
[BlackTeam "Sweden"]
[WhiteFideId "13611860"]
[BlackFideId "1709437"]
[EventDate "2019.10.24"]

1. e4 c5 2. Nf3 Nc6 3. d4 cxd4 4. Nxd4 Qb6 5. Nb5 Nf6 6. Nd2 d6 7. Nc4 Qd8 8.
Nc3 g6 9. Be2 Bg7 10. O-O O-O 11. Ne3 e6 12. f4 b6 13. Bf3 Bb7 14. Qd2 Qe7 15.
b3 Nd7 16. Ba3 Nd4 17. e5 Nxf3+ 18. gxf3 Nc5 19. exd6 Qh4 20. Ng2 Qh3 21. Qe3
Rac8 22. Rad1 Nd7 23. Bb2 Rc5 24. Ne1 Rh5 25. Rf2 e5 26. Ne2 Bh6 27. Rg2 Re8 28.
Rd2 Kf8 29. Qf2 exf4 30. Rg4 Rg5 31. Rxg5 Bxg5 32. Qg2 Qh5 33. h3 Bh4 34. Nd3
Bxf3 35. Nexf4 Qa5 36. b4 Qg5 37. Qxg5 Bxg5 38. Kf2 Be4 39. Re2 f5 40. Kg3 Kf7
41. Nf2 Bxc2 42. Rxe8 Kxe8 43. Nd5 Kf7 44. h4 Bd2 45. Bc3 Bh6 46. Nh3 Ke6 47.
Ndf4+ Kxd6 48. Ng5 Bxg5 49. hxg5 Kc6 50. Kf2 Kb5 51. Nd5 Kc4 52. Nf6 Kxc3 53.
Nxd7 Kxb4 54. Nf8 Bb1 55. Nxh7 Bxa2 56. Nf8 Bf7 0-1

[Event "22nd European Teams"]
[Site "Batumi GEO"]
[Date "2019.10.30"]
[Round "6.13"]
[Board "4"]
[White "Carlsson, Pontus"]
[Black "Sibashvili, Giorgi"]
[Result "1/2-1/2"]
[WhiteTitle "GM"]
[BlackTitle "IM"]
[WhiteElo "2447"]
[BlackElo "2382"]
[WhiteTeam "Sweden"]
[BlackTeam "Georgia 2"]
[WhiteFideId "1705814"]
[BlackFideId "13602799"]
[EventDate "2019.10.24"]

1. e4 e6 2. d4 d5 3. Nd2 c5 4. exd5 Qxd5 5. Ngf3 cxd4 6. Bc4 Qd8 7. O-O Nc6 8.
Nb3 a6 9. Nbxd4 Nxd4 10. Nxd4 Qc7 11. Bd3 Bd6 12. h3 Ne7 13. Qh5 e5 14. Nf3 h6
15. Re1 g6 16. Qh4 f5 17. Bg5 e4 18. Bxe4 fxe4 19. Rxe4 Bf5 20. Bxe7 Bxe7 21.
Rxe7+ Qxe7 22. Re1 Be6 23. Qe4 O-O-O 24. Qxe6+ Qxe6 25. Rxe6 g5 26. c3 Rde8 27.
Rxe8+ Rxe8 28. Kf1 Kc7 29. Nd4 Kb6 30. Nf5 Re6 31. Ne3 Kc5 32. Ke2 a5 33. Kd3
Rd6+ 34. Kc2 Rf6 35. Ng4 Rf7 36. f3 h5 37. Nf2 Kd5 38. Kd3 Ke5 39. Ke3 h4 40.
Ne4 Rg7 41. a4 Kd5 42. b3 Rg6 43. c4+ Ke5 44. Nc5 Rg7 45. Nd3+ Kf5 46. Kd2 1/2-1/2